Effect of green manure on sen pidor rice variety in irrgated sandy loam soil, ឥទ្ធិពលជីស្រស់លើពូជស្រូវសែនពិដោរលើដីល្បាយខ្សាច់ក្នុងលក្ខខណ្ឌស្រោចស្រព (Record no. 6585)
[ view plain ]
| 000 -LEADER | |
|---|---|
| fixed length control field | 00675nam a22001577a 4500 |
| 003 - CONTROL NUMBER IDENTIFIER | |
| control field | OSt |
| 005 - DATE AND TIME OF LATEST TRANSACTION | |
| control field | 20160209143535.0 |
| 008 - FIXED-LENGTH DATA ELEMENTS--GENERAL INFORMATION | |
| fixed length control field | 160209b xxu||||| |||| 00| 0 eng d |
| 040 ## - CATALOGING SOURCE | |
| Transcribing agency | RUA |
| 082 ## - DEWEY DECIMAL CLASSIFICATION NUMBER | |
| Classification number | MGR CHU 2004 B377 Or.1 |
| 100 ## - MAIN ENTRY--PERSONAL NAME | |
| 9 (RLIN) | 6997 |
| Personal name | CHUONG SOPHAL; ជួង សុផល |
| 245 ## - TITLE STATEMENT | |
| Title | Effect of green manure on sen pidor rice variety in irrgated sandy loam soil, ឥទ្ធិពលជីស្រស់លើពូជស្រូវសែនពិដោរលើដីល្បាយខ្សាច់ក្នុងលក្ខខណ្ឌស្រោចស្រព |
| 260 ## - PUBLICATION, DISTRIBUTION, ETC. (IMPRINT) | |
| Place of publication, distribution, etc. | Phnom Penh |
| Name of publisher, distributor, etc. | RUA |
| Date of publication, distribution, etc. | 2004 |
| 300 ## - PHYSICAL DESCRIPTION | |
| Extent | xii ;59p. |
| Other physical details | ill. |
| Dimensions | 29cm. |
| 942 ## - ADDED ENTRY ELEMENTS (KOHA) | |
| Source of classification or shelving scheme | |
| Koha item type | MGR |
| Price effective from | Date last seen | Permanent Location | Not for loan | Date acquired | Source of classification or shelving scheme | Koha item type | Lost status | Withdrawn status | Date last checked out | Total Checkouts | Shelving location | Damaged status | Barcode | Current Location | Full call number |
|---|---|---|---|---|---|---|---|---|---|---|---|---|---|---|---|
| 2016-02-09 | 2016-02-09 | Library Block B | 2016-02-09 | MGR | B377 | RUA049667 | Library Block B | MGR CHU 2004 B377 Or.1 | |||||||
| 2016-02-09 | 2025-03-06 | Library Block B | 2016-02-09 | MGR | 2025-01-29 | 1 | B377 | RUA054945 | Library Block B | MGR CHU 2004 B377 Or.2 | |||||
| 2016-02-09 | 2018-01-12 | Library Block B | 2016-02-09 | MGR | 2017-08-26 | 2 | B377 | RUA048623 | Library Block B | MGR CHU 2004 B377 Or.3 | |||||
| 2016-02-09 | 2016-02-09 | Library Block B | 2016-02-09 | MGR | B377 | RUA049984 | Library Block B | MGR CHU 2004 B377 Or.4 | |||||||
| 2016-02-09 | 2016-02-09 | Library Block B | 2016-02-09 | MGR | B377 | RUA050292 | Library Block B | MGR CHU 2004 B377 Or.5 | |||||||
| 2016-02-09 | 2024-12-24 | Library Block B | 2016-02-09 | MGR | 2024-12-12 | 1 | B377 | RUA049983 | Library Block B | MGR CHU 2004 B377 Or.6 |